LIBRARY & INFORMATION CENTRE, KCAET, TAVANUR

ONLINE PUBLIC ACCESS CATALOGUE (OPAC)

Normal view MARC view
  • Bhattacharya, S C.

Entry Personal Name

Number of records used in: 4

001 - CONTROL NUMBER

  • control field: 1300

003 - CONTROL NUMBER IDENTIFIER

  • control field: OSt

005 - DATE AND TIME OF LATEST TRANSACTION

  • control field: 20160826111509.0

008 - FIXED-LENGTH DATA ELEMENTS

  • fixed length control field: 160826|| aca||aabn | a|a d

040 ## - CATALOGING SOURCE

  • Original cataloging agency: OSt
  • Transcribing agency: OSt

100 ## - HEADING--PERSONAL NAME

  • Personal name: Bhattacharya, S C.

670 ## - SOURCE DATA FOUND

  • Source citation: Work cat.: (OSt)9309: Hajra Choudhury, S K. 1299, Elements of workshop technology, Vol:1 Manufacturing processes, 1993.
free website counter